Lengua española / (Registro nro. 9800)
[ vista simple ]
| 000 -LEADER | |
|---|---|
| fixed length control field | 01351nam a2200337 a 4500 |
| 001 - CONTROL NUMBER | |
| control field | 000006880 |
| 003 - CONTROL NUMBER IDENTIFIER | |
| control field | DO-SdBNP |
| 005 - DATE AND TIME OF LATEST TRANSACTION | |
| control field | 20160415145100.0 |
| 007 - PHYSICAL DESCRIPTION FIXED FIELD--GENERAL INFORMATION | |
| fixed length control field | 000006880 |
| 008 - FIXED-LENGTH DATA ELEMENTS--GENERAL INFORMATION | |
| fixed length control field | 090903s2002 dr 000 0 spa d |
| 040 ## - CATALOGING SOURCE | |
| Original cataloging agency | BPMSU |
| Language of cataloging | spa |
| Transcribing agency | BPMSU |
| 092 ## - LOCALLY ASSIGNED DEWEY CALL NUMBER (OCLC) | |
| Classification number | 461.07 |
| Item number | E652l |
| 100 1# - MAIN ENTRY--PERSONAL NAME | |
| Personal name | Espinal, Olga |
| 245 10 - TITLE STATEMENT | |
| Title | Lengua española / |
| Remainder of title | Olga Espinal, Remigio García R. |
| 260 ## - PUBLICATION, DISTRIBUTION, ETC. (IMPRINT) | |
| Place of publication, distribution, etc. | Santo Domingo : |
| Name of publisher, distributor, etc. | Secretaría de Estado de Educación |
| Date of publication, distribution, etc. | 2002 |
| 300 ## - PHYSICAL DESCRIPTION | |
| Extent | 231 p. ; |
| Other physical details | il., retrs. |
| Dimensions | 29 cm. |
| 490 ## - SERIES STATEMENT | |
| Series statement | La educación al servicio de la gente |
| 505 2# - FORMATTED CONTENTS NOTE | |
| Formatted contents note | La comunicación humana -- El párrafo -- El resumen -- El lenguaje figurado -- El estilo -- La descripción -- La narración -- La exposición -- La titulación -- La oratoria -- Lecturas adicionales |
| 650 #4 - SUBJECT ADDED ENTRY--TOPICAL TERM | |
| Topical term or geographic name as entry element | ESPAÑOL |
| General subdivision | ENSEÑANZA |
| 650 #4 - SUBJECT ADDED ENTRY--TOPICAL TERM | |
| Topical term or geographic name as entry element | ESPAÑOL |
| General subdivision | GRAMÁTICA |
| -- | ENSEÑANZA BÁSICA |
| 650 #4 - SUBJECT ADDED ENTRY--TOPICAL TERM | |
| Topical term or geographic name as entry element | ESPAÑOL |
| General subdivision | EJERCICIOS DE REDACCIÓN |
| 650 #4 - SUBJECT ADDED ENTRY--TOPICAL TERM | |
| Topical term or geographic name as entry element | ESPAÑOL |
| General subdivision | ESTILO |
| -- | RETÓRICA |
| 700 1# - ADDED ENTRY--PERSONAL NAME | |
| Personal name | García R. Olga |
| 710 ## - ADDED ENTRY--CORPORATE NAME | |
| Relator code | República Dominicana. Secretaría de Estado de Educación |
| 830 ## - SERIES ADDED ENTRY--UNIFORM TITLE | |
| Name of part/section of a work | La educación al servicio de la gente |
| 930 #1 - EQUIVALENCE OR CROSS-REFERENCE-UNIFORM TITLE HEADING [LOCAL, CANADA] | |
| Language of a work | BND01 |
| Medium of performance for music | LF1 |
| Field link and sequence number | 20090903 |
| Date of a work | 01 |
| Name of part/section of a work | CT |
| Miscellaneous information | 2906 |
| 930 #1 - EQUIVALENCE OR CROSS-REFERENCE-UNIFORM TITLE HEADING [LOCAL, CANADA] | |
| Language of a work | BND01 |
| Medium of performance for music | LF1 |
| Field link and sequence number | 20110217 |
| Date of a work | 01 |
| Name of part/section of a work | CT |
| Miscellaneous information | 16416 |
| Medium | e. 2 |
| 942 ## - ADDED ENTRY ELEMENTS (KOHA) | |
| Source of classification or shelving scheme | Dewey Decimal Classification |
| Koha item type | Libros |
| 956 ## - LOCAL ELECTRONIC LOCATION AND ACCESS (OCLC) | |
| Host name | BTAVAREZ |
| Access number | 10 |
| Compression information | 20090904 |
| Logon | BND01 |
| Processor of request | 1000 |
| 956 ## - LOCAL ELECTRONIC LOCATION AND ACCESS (OCLC) | |
| Host name | VMATEO |
| Access number | 10 |
| Compression information | 20150914 |
| Logon | BPMSU |
| Processor of request | 00151 |
No hay ítems disponibles.